00245nam a22001097a 4500008004100000020001800041041000800059080001000067100000700077101000800084245004300092180919b xxu||||| |||| 00| 0 eng d a9780205410651 aeng a159.9 a48 aPSI aThe Professional CounselorcHackney, H